Nghề cổ nước Việt

Giới thiệu về lịch sử hình thành và phát triển của các nghề thủ công truyền thống ở nước ta như nghề gốm, nghề rèn, nghề đúc đồng, nghề chạm bạc, chạm vàng, nghề làm cày bừa...

Spremljeno u:
Bibliografski detalji
Glavni autor: Vũ, Từ Trang
Format: Knjiga
Jezik:Undetermined
Izdano: Hà Nội Văn hoá dân tộc 2012
Teme:
Oznake: Dodaj oznaku
Bez oznaka, Budi prvi tko označuje ovaj zapis!
Thư viện lưu trữ: Trung tâm Học liệu Trường Đại học Cần Thơ
LEADER 00856nam a2200193Ia 4500
001 CTU_179640
008 210402s9999 xx 000 0 und d
082 |a 680.09597 
082 |b Tr106 
100 |a Vũ, Từ Trang 
245 0 |a Nghề cổ nước Việt 
245 0 |c Vũ Từ Trang 
260 |a Hà Nội 
260 |b Văn hoá dân tộc 
260 |c 2012 
520 |a Giới thiệu về lịch sử hình thành và phát triển của các nghề thủ công truyền thống ở nước ta như nghề gốm, nghề rèn, nghề đúc đồng, nghề chạm bạc, chạm vàng, nghề làm cày bừa... 
650 |a Folklore,Handicrafts,Nghề thủ công truyền thống 
910 |a Nguyên 
980 |a Trung tâm Học liệu Trường Đại học Cần Thơ